000 01285nam a22004337a 4500
001 BR7600446
003 BR-BrBNA
005 20230928084902.0
007 ta
008 230509b bl.||||| |||| 00| 0 por d
040 _aBR-BrBNA
_bpor
_cBiblioteca Nacional de Agricultura
041 _a(Por)
072 _aE70; E10; F00
_b0150
_b/G514
090 _ 0150 BR7600446
100 1 _aMoraes Junior, C. de
100 1 _aDomingues, M.C.
100 1 _aCortez, N.K.
100 1 _aBaldino, V.M.
100 1 _aRau, C.L.
100 1 _aBurlamaque, H.V.
100 1 _aSantos, I.F.R. dos
100 1 _aCezar, S.B.
110 1 _aCompanhia de Desenvolvimento Industrial e Comercial do Rio Grande do Sul, Porto Alegre (Brasil). Depto. de Estudos e Projetos
_92382
245 1 _aPerfil do arroz, primeira atualizacao - janeiro 1975 [Brasil]
260 3 _aPorto Alegre, RS (Brasil):
_c1975.
300 _a129 p.
500 _a5 graphs; 28 tables; 1 Map 16 x 15 cm.
650 _aARROZ
650 _aCONSUMO INTERNO
650 _aCOMERCIO INTERNO
650 _aPRECO
650 _aPRECO MINIMO
650 _aVARIEDADE
650 _aCALENDARIO AGRICOLA
650 _aCOOPERATIVA
650 _aRIO GRANDE DO SUL
909 _a202309
_bLucia
_c55
_dLucia Elande
942 _cBK
999 _c21668
_d21668